=LDR 00000nam 2200000 4500 =001 INLIS000000000025417 =005 20130612123928 =008 ***********************************Ind** =035 ##$$0010-061300000025417 =041 ##$$a Ind =082 ##$$a 2x4.1 =090 ##$$a 2x4.1, Gym s =100 ##$$a Gymnastiar, Abdullah =245 ##$$a Shalat best of the best, Abdullah Gymnastiar =260 ##$$a 2005 $b Bandung =300 ##$$a x, 62 hlm, 24 cm =650 ##$$a Shalat =850 ##$$a NBPNMAT